Quiz sui dialetti italiani - Statistics

Statistiche generali
  • Questo quiz è stato fatto 99 volte
  • Il punteggio medio è 8 su 20
Statistiche sulle risposte
Numero Parlanti (stimato) Dialetto % Corretto
2.500.000 Napoletano
99%
500.000 Milanese
83%
350.000 Barese
70%
450.000 Palermitano
70%
400.000 Torinese
67%
350.000 Catanese
61%
130.000 Veneziano
60%
300.000 Veronese
51%
300.000 Bergamasco
49%
250.000 Bresciano
41%
350.000 Romanesco
40%
200.000 Messinese
34%
300.000 Padovano
34%
600.00 Salentino
19%
200.000 Comasco
14%
170.000 Lucano
11%
150.000 Ragusano
6%
250.000 Cuneese
5%
100.000 Nuorese
4%
550.000 Campidanese
2%
Nessun quiz corrispondente trovato
Distribuzione punteggi
Percentuale di utenti per punteggio
Percentile per numero di risposta
I tuoi punteggi nel tempo
Non hai fatto questo quiz